[Event "Catalunya Valles West-ch U12"]
[Site "Catalunya"]
[Date "2013.01.26"]
[Round "1.2"]
[White "Fernande Garcia, Victor"]
[Black "Jove Barroso, Arnau"]
[Result "0-1"]
[WhiteElo "1700"]
[BlackElo "1760"]
[PlyCount "40"]
[EventDate "2013.01.26"]
[EventType "swiss"]
[EventRounds "6"]
[EventCountry "ESP"]
[SourceTitle "EXT 2024"]
[Source "ChessBase"]
[SourceDate "2023.10.10"]
[SourceVersion "1"]
[SourceVersionDate "2023.10.10"]
[SourceQuality "1"]

1. e4 c5 2. Nf3 Nc6 3. Bb5 Qc7 4. 0-0 g6 5. Ne5 Nxe5 6. Be2 Bg7 7. Nc3 Nf6 8. f3 0-0 9. Nb5 Qb6 10. a3 c4+ 11. Rf2 Qxb5 12. b3 Qb6 13. bxc4 Neg4 14. Qf1 Nxf2 15. Qxf2 Qxf2+ 16. Kxf2 Nxe4+ 17. fxe4 Bxa1 18. h4 Bd4+ 19. Ke1 d6 20. c3 Bg7 0-1

[Event "Roncana op-C 6th"]
[Site "Santa Eulalia de Roncana"]
[Date "2012.10.20"]
[Round "2.7"]
[White "Jove Barroso, Arnau"]
[Black "Punsola Mena, Pol"]
[Result "1-0"]
[WhiteElo "1700"]
[BlackElo "1755"]
[PlyCount "73"]
[EventDate "2012.10.06"]
[EventType "swiss"]
[EventRounds "8"]
[EventCountry "ESP"]
[SourceTitle "EXT 2024"]
[Source "ChessBase"]
[SourceDate "2023.10.10"]
[SourceVersion "1"]
[SourceVersionDate "2023.10.10"]
[SourceQuality "1"]

1. d4 Nf6 2. Nf3 Nc6 3. Bg5 d5 4. Nbd2 g6 5. e3 Bg4 6. h3 h6 7. Bxf6 Bxf3 8. Bxe7 Qxe7 9. Qxf3 Nb4 10. Qd1 0-0-0 11. c3 Nc6 12. Bb5 Na5 13. b4 Nc4 14. Nxc4 dxc4 15. Bxc4 Bg7 16. Qb3 Rhf8 17. 0-0 c6 18. a4 a6 19. b5 c5 20. bxa6 cxd4 21. axb7+ Qxb7 22. Qxb7+ Kxb7 23. Rab1+ Kc8 24. Ba6+ Kd7 25. Rb7+ Kc8 26. Rxf7+ Kb8 27. Rb1+ Ka8 28. Rxg7 dxc3 29. Rc7 Rd6 30. Be2 c2 31. Rxc2 Rfd8 32. Rbc1 Rb8 33. Rc8 Rd2 34. Bf3+ Ka7 35. R1c7+ Rb7 36. Rxb7+ Ka6 37. Ra8# 1-0

[Event "Barcelona La Lira op-C 14th"]
[Site "Barcelona"]
[Date "2011.07.30"]
[Round "8"]
[White "Jove Barroso, Arnau"]
[Black "Garcia Extremera, Manuel"]
[Result "0-1"]
[WhiteElo "1727"]
[BlackElo "1515"]
[PlyCount "74"]
[EventDate "2011.07.23"]
[EventType "swiss"]
[EventRounds "9"]
[EventCountry "ESP"]
[SourceTitle "EXT 2024"]
[Source "ChessBase"]
[SourceDate "2023.10.10"]
[SourceVersion "1"]
[SourceVersionDate "2023.10.10"]
[SourceQuality "1"]

1. d4 d6 2. c4 c6 3. e3 Nf6 4. Nf3 Bf5 5. Bd3 Qd7 6. Bxf5 Qxf5 7. b3 h6 8. Bb2 Na6 9. Nc3 Nb4 10. 0-0 Nd3 11. Qb1 Qh7 12. Ba3 a5 13. Rd1 Nb4 14. Qxh7 Rxh7 15. Rd2 g5 16. Ne1 d5 17. cxd5 Nbxd5 18. Nxd5 Nxd5 19. e4 Nc3 20. Rc2 Nxe4 21. Re2 f5 22. f3 Nc3 23. Re5 f4 24. Rc5 Ne2+ 25. Kf2 Nxd4 26. Bb2 b6 27. Rc4 e5 28. Bxd4 exd4 29. Rxd4 Bc5 30. Rad1 Bxd4+ 31. Rxd4 Rd8 32. Re4+ Re7 33. Rc4 Rd2+ 34. Kf1 c5 35. a3 Rd1 36. Re4 Rxe4 37. fxe4 Rb1 0-1

[Event "Barcelona La Lira op-C 14th"]
[Site "Barcelona"]
[Date "2011.07.24"]
[Round "2"]
[White "Camprubi Guijarro, Albert"]
[Black "Jove Barroso, Arnau"]
[Result "1-0"]
[WhiteElo "1700"]
[BlackElo "1727"]
[PlyCount "103"]
[EventDate "2011.07.23"]
[EventType "swiss"]
[EventRounds "9"]
[EventCountry "ESP"]
[SourceTitle "EXT 2024"]
[Source "ChessBase"]
[SourceDate "2023.10.10"]
[SourceVersion "1"]
[SourceVersionDate "2023.10.10"]
[SourceQuality "1"]

1. d4 Nf6 2. c4 g6 3. Nc3 d5 4. Bg5 Nbd7 5. Nf3 dxc4 6. e4 h6 7. Bxf6 Nxf6 8. Bxc4 Bg4 9. 0-0 Bxf3 10. Qxf3 Qxd4 11. Bb3 Bg7 12. Rad1 Qb6 13. e5 Qc6 14. Qxc6+ bxc6 15. exf6 Bxf6 16. Ba4 0-0 17. Bxc6 Rad8 18. Rb1 Rd6 19. Bf3 Rb6 20. Nd5 Ra6 21. a3 Be5 22. Nxe7+ Kg7 23. Nc6 Bf6 24. Nb4 Ra4 25. g3 c5 26. Nd5 Bd4 27. Nc7 c4 28. Nb5 Bc5 29. Rfd1 a6 30. Nc3 Ra5 31. Be2 Be7 32. Bxc4 Rd8 33. Nd5 Bf6 34. Nxf6 Rxd1+ 35. Rxd1 Kxf6 36. Rd6+ Ke5 37. Rxa6 Rxa6 38. Bxa6 Kd4 39. b4 Kd5 40. Bb7+ Kc4 41. Ba6+ Kd5 42. a4 Kc6 43. a5 Kc7 44. b5 Kb8 45. b6 Ka8 46. Bc4 f6 47. a6 Kb8 48. a7+ Kc8 49. a8Q+ Kd7 50. Qd5+ Ke7 51. b7 Kf8 52. Qf7# 1-0